| 000 | 00712nam a22002417a 4500 | ||
|---|---|---|---|
| 003 | 0 | ||
| 005 | 20180729125405.0 | ||
| 008 | 0 | ||
| 010 | _aA-736154 | ||
| 020 |
_c00.00 _a0934664579 |
||
| 035 | _aA-736154, A-736155 | ||
| 037 | _bCen Lib/Ret | ||
| 040 |
_aDPL _bEN _c0 |
||
| 082 |
_a230.2 _bJYO |
||
| 100 |
_aJyotirmayananda, Swami _99580 |
||
| 245 |
_aMysticism of the Ramayana / _cby Swami Jyotimayananda |
||
| 260 |
_bYoga Research Foundation _aFlorida |
||
| 270 |
_a6111 S.W. 74th Avenue South Miami _bFlorida _e33143 |
||
| 300 |
_a312p. _c22m(Hb) |
||
| 650 |
_aVālmīki. -- Rāmāyaṇa. _937182 |
||
| 650 |
_aMysticism -- Hinduism. _912081 |
||
| 942 |
_2ddc _cEN _h230.2 _mJYO |
||
| 999 |
_c124829 _d124829 |
||